| 000 | 00620nam a2200193Ia 4500 | ||
|---|---|---|---|
| 003 | LDD | ||
| 008 | 190117s9999 xx 000 0 und d | ||
| 020 |
_a8173151679 _c₹600 |
||
| 040 | _cLDD | ||
| 041 | _ahi | ||
| 082 | _a8H0.7 भा6442 | ||
| 100 | _aनगेन्द्र | ||
| 245 | 0 |
_aभारतीय साहित्य _cनगेन्द्र |
|
| 260 |
_aदिल्ली _bप्रभात प्रकाशन _c2015 |
||
| 300 | _axxxii, 628p. | ||
| 901 | _aKGP | ||
| 904 | _aReqst by : jitendra kumar srivasta | ||
| 942 |
_2ddc _cH |
||
| 999 |
_c161952 _d161952 |
||